| 000 | 00606nam a2200157Ia 4500 | ||
|---|---|---|---|
| 005 | 20260121165314.0 | ||
| 008 | 260121s9999 xx 000 0 und d | ||
| 041 | _amar | ||
| 082 | _a954.03 | ||
| 100 | _aगुप्ता, रमेश | ||
| 245 | _aक्रांतीवीर तात्या टोपे पहिल्या स्वातंत्र्यसंग्रामाचे अमर सेनापती | ||
| 250 | _a1 | ||
| 260 |
_bभारतीय विचार साधना पुणे _c2018 |
||
| 300 | _a124 | ||
| 650 | _aमराठी साहित्य | ||
| 999 |
_c370009 _d370009 |
||